[Event "BL2 West 1112 (Women)"]
[Site "Germany"]
[Date "2011.10.29"]
[Round "1.2"]
[White "Janiesch, Maike"]
[Black "Goihl, Mona"]
[Result "0-1"]
[WhiteElo "1780"]
[BlackElo "2100"]
[PlyCount "84"]
[EventDate "2011.10.29"]
[EventType "team-tourn"]
[EventRounds "7"]
[EventCountry "GER"]
[SourceTitle "EXT 2013"]
[Source "ChessBase"]
[SourceDate "2012.11.22"]
[SourceVersion "1"]
[SourceVersionDate "2012.11.22"]
[SourceQuality "1"]
[WhiteTeam "Delmenhorst (W)"]
[BlackTeam "Wattenscheid (W)"]
[WhiteTeamCountry "GER"]
[BlackTeamCountry "GER"]

1. c4 e5 2. Nc3 Nc6 3. g3 Bb4 4. Bg2 a5 5. e3 d6 6. Nge2 Bg4 7. 0-0 Bxc3 8. bxc3 Qc8 9. Re1 Bh3 10. Bh1 a4 11. Ba3 Nf6 12. Rb1 h5 13. d4 Ng4 14. Qd2 h4 15. f3 hxg3 16. Nxg3 Nf6 17. Qe2 Nh5 18. Ne4 Rh6 19. Kf2 Bf5 20. Rg1 Qd8 21. Ke1 Na5 22. Rb4 Bd7 23. Kd2 Qh4 24. Rg2 f5 25. Nf2 Qf6 26. Rb1 c6 27. Bb4 b5 28. Bxa5 Rxa5 29. a3 Qe6 30. Rb4 c5 31. d5 Qf6 32. Rb2 Qf7 33. Kc2 Ke7 34. Nd3 bxc4 35. Nxe5 dxe5 36. Qxc4 Nf6 37. d6+ Kf8 38. Rb8+ Ne8 39. Qxf7+ Kxf7 40. Rb7 Rxd6 41. Rf2 Kf6 42. Bg2 Rb5 0-1

[Event "Bremen-ch op"]
[Site "Delmenhorst"]
[Date "2011.04.23"]
[Round "3"]
[White "Janiesch, Maike"]
[Black "Kuenitz, Bernhard"]
[Result "1/2-1/2"]
[WhiteElo "1752"]
[BlackElo "1898"]
[PlyCount "46"]
[EventDate "2011.04.16"]
[EventType "swiss"]
[EventRounds "9"]
[EventCountry "GER"]
[SourceTitle "EXT 2012"]
[Source "ChessBase"]
[SourceDate "2011.11.24"]
[SourceVersion "1"]
[SourceVersionDate "2011.11.24"]
[SourceQuality "1"]

1. d4 d5 2. c4 c6 3. cxd5 cxd5 4. Nc3 g6 5. Bf4 Bg7 6. e3 Nf6 7. Nf3 a6 8. Bd3 0-0 9. 0-0 Nc6 10. Ne5 Nh5 11. Nxc6 bxc6 12. Bg3 Nxg3 13. hxg3 e5 14. dxe5 Bxe5 15. Na4 Rb8 16. Qc2 Qf6 17. Rab1 Rd8 18. b3 a5 19. Rbc1 Bd7 20. Qc5 Bc7 21. Rfd1 Be8 22. Be2 Qd6 23. Bf3 Qxc5 1/2-1/2

[Event "Bremen-ch op"]
[Site "Bremen"]
[Date "2010.04.02"]
[Round "8"]
[White "Boehm, Karl1111"]
[Black "Janiesch, Maike"]
[Result "1/2-1/2"]
[WhiteElo "1897"]
[BlackElo "1708"]
[PlyCount "104"]
[EventDate "2010.03.27"]
[EventType "swiss"]
[EventRounds "9"]
[EventCountry "GER"]
[SourceTitle "EXT 2022"]
[Source "ChessBase"]
[SourceDate "2021.10.06"]
[SourceVersion "1"]
[SourceVersionDate "2021.10.06"]
[SourceQuality "1"]

1. d4 Nf6 2. c4 g6 3. Nc3 Bg7 4. e4 d6 5. Nf3 0-0 6. Be2 Nbd7 7. 0-0 e5 8. dxe5 Nxe5 9. Nxe5 dxe5 10. f3 Qd4+ 11. Qxd4 exd4 12. Nd5 c6 13. Nxf6+ Bxf6 14. Rb1 c5 15. Bf4 Rd8 16. Bd3 Be7 17. Kf2 Be6 18. Ke2 a6 19. g4 b5 20. b3 b4 21. g5 a5 22. Bc2 a4 23. Kd3 axb3 24. Bxb3 Ra7 25. Rb2 Rda8 26. h4 Bd7 27. Rff2 Ba4 28. Rh2 Bxb3 29. axb3 Ra1 30. e5 R8a3 31. Ke4 Re1+ 32. Kd3 Raa1 33. Rhe2 Rad1+ 34. Rbd2 Rxd2+ 35. Bxd2 Rh1 36. Be1 h6 37. e6 hxg5 38. hxg5 fxe6 39. Rxe6 Kf7 40. Re5 Rf1 41. Ke2 Rg1 42. f4 Rg2+ 43. Bf2 Rh2 44. Kf3 Rh8 45. Re2 Ra8 46. Kg4 Ra3 47. Rb2 Ke6 48. Re2+ Kf7 49. Rb2 Bf8 50. f5 gxf5+ 51. Kxf5 Bg7 52. g6+ Ke7 1/2-1/2

[Event "Bremen-ch op"]
[Site "Bremen"]
[Date "2010.03.29"]
[Round "4"]
[White "Eichhorst, Gerhard"]
[Black "Janiesch, Maike"]
[Result "1/2-1/2"]
[WhiteElo "1829"]
[BlackElo "1708"]
[PlyCount "49"]
[EventDate "2010.03.27"]
[EventType "swiss"]
[EventRounds "9"]
[EventCountry "GER"]
[SourceTitle "EXT 2022"]
[Source "ChessBase"]
[SourceDate "2021.10.06"]
[SourceVersion "1"]
[SourceVersionDate "2021.10.06"]
[SourceQuality "1"]

1. d4 Nf6 2. Nf3 g6 3. c4 Bg7 4. Nc3 d6 5. e4 0-0 6. Bd3 e5 7. dxe5 dxe5 8. 0-0 Bg4 9. Be2 Bxf3 10. Bxf3 Nc6 11. g3 Nd4 12. Bg2 c6 13. Be3 Nh5 14. Qc1 Qa5 15. Kh1 Qb4 16. b3 Rad8 17. Qb2 f5 18. exf5 gxf5 19. Bg5 Nf6 20. Rad1 h6 21. Bd2 Qd6 22. Qc1 Kh7 23. Rfe1 Rfe8 24. Be3 b6 25. Qb1 1/2-1/2

[Event "GER-ch Net qual1 U25"]
[Site "Playchess.com INT"]
[Date "2008.06.01"]
[Round "2"]
[White "Janiesch, Maike"]
[Black "Langers, Alexander"]
[Result "0-1"]
[WhiteElo "1717"]
[BlackElo "2203"]
[PlyCount "46"]
[EventDate "2008.06.01"]
[EventType "swiss (blitz)"]
[EventRounds "7"]
[EventCountry "GER"]
[SourceTitle "CBM 124 Extra"]
[Source "ChessBase"]
[SourceDate "2008.07.03"]
[SourceVersion "1"]
[SourceVersionDate "2008.07.03"]
[SourceQuality "1"]

1. d4 Nf6 2. Bg5 g6 3. Bxf6 exf6 4. e3 d5 5. c4 c6 6. Nc3 dxc4 7. Bxc4 Bd6 8. Nf3 0-0 9. a3 f5 10. b4 a6 11. 0-0 Nd7 12. Qb3 Nf6 13. Na4 b5 14. Bxf7+ Rxf7 15. Nc5 Nd5 16. a4 bxa4 17. Qxa4 Rb8 18. Rab1 Bxc5 19. bxc5 Rxb1 20. Rxb1 Nc3 21. Qb3 Nxb1 22. Ng5 Qd5 23. Qxb1 Rb7 0-1

[Event "GER-ch Net qual1 U25"]
[Site "Playchess.com INT"]
[Date "2008.06.01"]
[Round "1"]
[White "Litwak, Aleksej"]
[Black "Janiesch, Maike"]
[Result "1-0"]
[WhiteElo "2284"]
[BlackElo "1717"]
[PlyCount "61"]
[EventDate "2008.06.01"]
[EventType "swiss (blitz)"]
[EventRounds "7"]
[EventCountry "GER"]
[SourceTitle "CBM 124 Extra"]
[Source "ChessBase"]
[SourceDate "2008.07.03"]
[SourceVersion "1"]
[SourceVersionDate "2008.07.03"]
[SourceQuality "1"]

1. e4 d5 2. exd5 Qxd5 3. Nc3 Qd6 4. d4 Nf6 5. Nf3 a6 6. g3 b5 7. Bg2 Bb7 8. 0-0 e6 9. Bf4 Qb6 10. a4 Bd6 11. a5 Qc6 12. Nh4 Nd5 13. Nxd5 exd5 14. Re1+ Kf8 15. Nf5 Bxf4 16. gxf4 Qg6 17. Qe2 Qe6 18. Qxe6 fxe6 19. Rxe6 g6 20. Ne3 Kf7 21. Re5 Nd7 22. Rg5 Rae8 23. Nxd5 c6 24. Nb4 Re6 25. d5 cxd5 26. Nxd5 Re2 27. Nc3 Rxc2 28. Bxb7 Rxb2 29. Bxa6 b4 30. Ne4 Re8 31. Nd6+ 1-0

[Event "GER-ch U25 op"]
[Site "Willingen"]
[Date "2008.05.13"]
[Round "5"]
[White "Janiesch, Maike"]
[Black "Nake, Marianne"]
[Result "1-0"]
[WhiteElo "1698"]
[BlackElo "1427"]
[PlyCount "97"]
[EventDate "2008.05.11"]
[EventType "swiss"]
[EventRounds "9"]
[EventCountry "GER"]
[SourceTitle "CBM 124 Extra"]
[Source "ChessBase"]
[SourceDate "2008.07.03"]
[SourceVersion "1"]
[SourceVersionDate "2008.07.03"]
[SourceQuality "1"]

1. d4 d5 2. Bg5 c6 3. e3 Bf5 4. Nf3 Nd7 5. c4 Ngf6 6. Nc3 e6 7. cxd5 cxd5 8. Qb3 Qb6 9. Qxb6 Nxb6 10. Bxf6 gxf6 11. Bb5+ Nd7 12. 0-0 0-0-0 13. Rfc1 Kb8 14. Nh4 Bg4 15. h3 Bh5 16. Rc2 Rg8 17. Rac1 f5 18. Bxd7 Rxd7 19. Nxd5 Bg7 20. Nf4 Bg6 21. Nhxg6 hxg6 22. a3 Rh8 23. Kf1 a6 24. Nd3 g5 25. Nc5 Re7 26. b4 g4 27. hxg4 Rh1+ 28. Ke2 Rxc1 29. Rxc1 fxg4 30. Rh1 b6 31. Nxa6+ Kb7 32. b5 Bf8 33. Rh8 Bg7 34. Rh5 f5 35. Rh7 Bf8 36. Rxe7+ Bxe7 37. Nb4 Bxb4 38. axb4 Kc7 39. Kd3 Kd6 40. e4 Kd7 41. f3 gxf3 42. gxf3 Ke7 43. exf5 exf5 44. d5 Kf7 45. Kd4 Kf6 46. f4 Kf7 47. Ke5 Ke7 48. d6+ Ke8 49. Ke6 1-0

[Event "GER-ch U25 op"]
[Site "Willingen"]
[Date "2008.05.11"]
[Round "2"]
[White "Reiser, Marck"]
[Black "Janiesch, Maike"]
[Result "1/2-1/2"]
[WhiteElo "1294"]
[BlackElo "1698"]
[PlyCount "86"]
[EventDate "2008.05.11"]
[EventType "swiss"]
[EventRounds "9"]
[EventCountry "GER"]
[SourceTitle "CBM 124 Extra"]
[Source "ChessBase"]
[SourceDate "2008.07.03"]
[SourceVersion "1"]
[SourceVersionDate "2008.07.03"]
[SourceQuality "1"]

1. e4 d5 2. exd5 Qxd5 3. Nc3 Qa5 4. d4 c6 5. Nf3 Nf6 6. Bc4 Bg4 7. Qd3 Qc7 8. 0-0 Nbd7 9. Re1 Bxf3 10. Qxf3 e6 11. Bb3 Bd6 12. h3 0-0-0 13. Ne4 Nxe4 14. Qxe4 Nf6 15. Qd3 Bc5 16. c3 h6 17. Qe2 Bd6 18. Bc2 Rhe8 19. Bd2 e5 20. dxe5 Bxe5 21. Be3 Kb8 22. Qf3 Nd5 23. Rad1 f6 24. Be4 Nxe3 25. Rxe3 Rxd1+ 26. Qxd1 Rd8 27. Rd3 Rxd3 28. Qxd3 Qe7 29. Bf5 Kc7 30. Qe4 Qf7 31. f4 Bd6 32. Be6 Qe7 33. f5 Bg3 34. Qd3 Qd6 35. Qd4 b6 36. Kf1 Qxd4 37. cxd4 Kd6 38. Ke2 g6 39. Kf3 gxf5 40. Bxf5 Bh2 41. Ke4 Bg1 42. g4 Bf2 43. Bc8 Bg1 1/2-1/2

[Event "Niedersachsen-ch"]
[Site "Verden"]
[Date "2008.01.06"]
[Round "7"]
[White "Janiesch, Maike"]
[Black "Bischoff, Norbert"]
[Result "1-0"]
[WhiteElo "1717"]
[BlackElo "1325"]
[PlyCount "97"]
[EventDate "2008.01.03"]
[EventType "swiss"]
[EventRounds "7"]
[EventCountry "GER"]
[SourceTitle "EXT 2010"]
[Source "ChessBase"]
[SourceDate "2010.11.25"]
[SourceVersion "1"]
[SourceVersionDate "2010.11.25"]
[SourceQuality "1"]

1. d4 e6 2. Nf3 b6 3. c4 Bb7 4. Nc3 Nf6 5. Bg5 Be7 6. e3 0-0 7. Bd3 d5 8. cxd5 Nxd5 9. Bxe7 Qxe7 10. Rc1 Re8 11. a3 Nf6 12. Qc2 h6 13. Ne4 Nxe4 14. Bxe4 Bxe4 15. Qxe4 c6 16. Ne5 f5 17. Qf3 Qf6 18. 0-0 g5 19. g3 Qf8 20. Nxc6 Nd7 21. Rc2 Nf6 22. Rfc1 Ne4 23. Ne5 Qg7 24. Qh5 Nf6 25. Qg6 Qxg6 26. Nxg6 Kg7 27. Ne5 Nd5 28. Rc6 Rad8 29. Kf1 Kf6 30. Ke2 Rf8 31. f3 f4 32. Ng4+ Ke7 33. e4 h5 34. Ne5 Ne3 35. Ng6+ Kf6 36. Nxf8 Rxf8 37. d5 Ke5 38. Rxe6+ Kd4 39. Rc3 fxg3 40. Rxe3 gxh2 41. Rd3+ Kc5 42. Rc6+ Kb5 43. Rc1 Rf4 44. Rh1 Rh4 45. d6 g4 46. fxg4 hxg4 47. d7 g3 48. Rxg3 Rxe4+ 49. Kd3 1-0

[Event "Niedersachsen-ch"]
[Site "Verden"]
[Date "2008.01.04"]
[Round "3"]
[White "Kuenitz, Bernhard"]
[Black "Janiesch, Maike"]
[Result "1/2-1/2"]
[WhiteElo "1784"]
[BlackElo "1717"]
[PlyCount "63"]
[EventDate "2008.01.03"]
[EventType "swiss"]
[EventRounds "7"]
[EventCountry "GER"]
[SourceTitle "EXT 2010"]
[Source "ChessBase"]
[SourceDate "2010.11.25"]
[SourceVersion "1"]
[SourceVersionDate "2010.11.25"]
[SourceQuality "1"]

1. c4 Nf6 2. Nc3 g6 3. g3 Bg7 4. Bg2 d6 5. d4 Nbd7 6. Nf3 0-0 7. e4 e5 8. dxe5 Nxe5 9. Nxe5 dxe5 10. Qxd8 Rxd8 11. Bg5 c6 12. b3 h6 13. Be3 Be6 14. h3 Rd3 15. Na4 b6 16. Ke2 Rad8 17. Rad1 Rxd1 18. Rxd1 Rxd1 19. Kxd1 Bf8 20. Ke2 Kg7 21. Nb2 Bb4 22. Nd3 Bc3 23. f4 Nd7 24. g4 exf4 25. Bxf4 f6 26. Bd6 Kf7 27. Nb4 Be5 28. Bxe5 Nxe5 29. Nc2 c5 30. Ke3 Nc6 31. Kd2 Ke7 32. Ne3 1/2-1/2

[Event "Niedersachsen-ch"]
[Site "Verden"]
[Date "2008.01.03"]
[Round "1"]
[White "Kobs, Stephan"]
[Black "Janiesch, Maike"]
[Result "1-0"]
[WhiteElo "1990"]
[BlackElo "1717"]
[PlyCount "81"]
[EventDate "2008.01.03"]
[EventType "swiss"]
[EventRounds "7"]
[EventCountry "GER"]
[SourceTitle "EXT 2010"]
[Source "ChessBase"]
[SourceDate "2010.11.25"]
[SourceVersion "1"]
[SourceVersionDate "2010.11.25"]
[SourceQuality "1"]

1. e4 d5 2. exd5 Qxd5 3. Nc3 Qa5 4. b4 Qb6 5. Nf3 Nf6 6. Bc4 Be6 7. Be2 Bg4 8. h3 Bh5 9. 0-0 e6 10. a3 c6 11. d4 Bd6 12. Ne5 Bxe2 13. Nxe2 Qc7 14. f4 Nbd7 15. c4 0-0 16. Nc3 Rad8 17. Qe2 Rfe8 18. g4 Nf8 19. g5 N6d7 20. Qh5 Bxe5 21. fxe5 Nb6 22. Ne4 Re7 23. Nf6+ Kh8 24. Rf4 gxf6 25. gxf6 Ng6 26. fxe7 Qxe7 27. Rg4 Qf8 28. Bh6 Qe8 29. Bg5 Rd7 30. Qh6 Kg8 31. Bf6 Qf8 32. Qg5 h6 33. Qc1 Kh7 34. Kh1 h5 35. Rg5 Qh6 36. Qd1 Nf4 37. Qc2+ Ng6 38. Qe2 Nf4 39. Qe4+ Ng6 40. Qf3 Kg8 41. Rxh5 1-0

[Event "GER-ch U25"]
[Site "Willingen"]
[Date "2007.06.01"]
[Round "9"]
[White "Janiesch, Maike"]
[Black "Bonacic, Jascha"]
[Result "0-1"]
[WhiteElo "1575"]
[BlackElo "1696"]
[PlyCount "56"]
[EventDate "2007.05.26"]
[EventType "swiss"]
[EventRounds "9"]
[EventCountry "GER"]
[SourceTitle "CBM 118 Extra"]
[Source "ChessBase"]
[SourceDate "2007.07.04"]
[SourceVersion "1"]
[SourceVersionDate "2007.07.04"]
[SourceQuality "1"]

1. d4 d5 2. c4 e6 3. Nc3 f5 4. Nf3 Nf6 5. Bf4 c6 6. e3 Be7 7. Qc2 0-0 8. Bd3 Ne4 9. g4 g5 10. Be5 Nd7 11. gxf5 Nxe5 12. Nxe5 exf5 13. Rg1 Kh8 14. Ke2 Qe8 15. Rg2 Be6 16. cxd5 cxd5 17. Rag1 Rc8 18. Qb3 Qd8 19. Bxe4 fxe4 20. Nxe4 dxe4 21. Qxe6 Rc2+ 22. Kd1 Qc7 23. Qb3 Rc1+ 24. Ke2 Rc2+ 25. Kd1 Rc8 26. Re1 Rc1+ 27. Ke2 Rxe1+ 28. Kxe1 Qc1+ 0-1

[Event "GER-ch U25"]
[Site "Willingen"]
[Date "2007.05.26"]
[Round "1"]
[White "Janiesch, Maike"]
[Black "Eggert, Andre"]
[Result "1-0"]
[WhiteElo "1575"]
[BlackElo "972"]
[PlyCount "49"]
[EventDate "2007.05.26"]
[EventType "swiss"]
[EventRounds "9"]
[EventCountry "GER"]
[SourceTitle "CBM 118 Extra"]
[Source "ChessBase"]
[SourceDate "2007.07.04"]
[SourceVersion "1"]
[SourceVersionDate "2007.07.04"]
[SourceQuality "1"]

1. c4 e5 2. g3 Nf6 3. Bg2 Nc6 4. Nc3 Bb4 5. Nd5 0-0 6. a3 Be7 7. d3 d6 8. Nxf6+ Bxf6 9. Nf3 Bg4 10. 0-0 h6 11. Rb1 Re8 12. b4 e4 13. dxe4 Rxe4 14. Qd3 Bxf3 15. Bxf3 Rd4 16. Qc2 Ne5 17. Bxb7 Rxc4 18. Qb3 Rb8 19. Bd5 Rd4 20. e3 Rd3 21. Qa2 Qe7 22. Be4 Nf3+ 23. Bxf3 Bd4 24. Qe2 Rxe3 25. fxe3 1-0